Tell me about the Prophet Muhammad / (Record no. 1346)

MARC details
000 -LEADER
fixed length control field 00602nam a2200205 ar4500
001 - CONTROL NUMBER
control field 1348
005 - DATE AND TIME OF LATEST TRANSACTION
control field 20221127090211.0
008 - FIXED-LENGTH DATA ELEMENTS--GENERAL INFORMATION
fixed length control field 090712s ii a 00010 eng d
020 ## - INTERNATIONAL STANDARD BOOK NUMBER
International Standard Book Number 8187570113(hbk)
082 04 - DEWEY DECIMAL CLASSIFICATION NUMBER
Classification number 297.63
Item number K527 2003
100 1# - MAIN ENTRY--PERSONAL NAME
Personal name Khan, Saniyasnain.
245 10 - TITLE STATEMENT
Title Tell me about the Prophet Muhammad /
Statement of responsibility, etc. by Saniyasnain Khan.
250 ## - EDITION STATEMENT
Edition statement Rep.
260 ## - PUBLICATION, DISTRIBUTION, ETC.
Place of publication, distribution, etc. New Delhi :
Name of publisher, distributor, etc. Goodword Books,
Date of publication, distribution, etc. 2003.
300 ## - PHYSICAL DESCRIPTION
Extent [54] p :
Other physical details col. ill. ;
Dimensions 28 cm.
500 ## - GENERAL NOTE
General note Firist published : 2000.
600 04 - SUBJECT ADDED ENTRY--PERSONAL NAME
Personal name Muhammad, Prophet.
650 #4 - SUBJECT ADDED ENTRY--TOPICAL TERM
Topical term or geographic name entry element Islam
General subdivision History.
651 #4 - SUBJECT ADDED ENTRY--GEOGRAPHIC NAME
Geographic name Medina(Saudi Arabia) in Islam.
Holdings
Withdrawn status Lost status Source of classification or shelving scheme Damaged status Not for loan Home library Current library Date acquired Total Checkouts Full call number Barcode Date last seen Copy number Price effective from Koha item type
              11/27/2022   297.63 K527 2003 1000000006894 11/27/2022 C1 11/27/2022 Book